LEADER 01036nam0 22002651i 450 001 UON00017910 005 20231205102003.724 010 $a08-534-5424-8 100 $a20020107d1976 |0itac50 ba 101 $aeng 102 $aUS 105 $a|||| 1|||| 200 1 $aInside India Today$fDilip Hiro 210 $aNew York and London$cMonthly Review Press$d1976 xiv$d338 p. ; 20 cm 606 $aINDIA$xPolitica e governo$xSec. 20.$3UONC001421$2FI 620 $aUS$dNew York$3UONL000050 686 $aSI IV C BHA$cSUBCONT. INDIANO - STORIA CONTEMPORANEA - INDIA INDIPENDENTE$2A 700 1$aHIRO$bDilip$3UONV012855$0298980 712 $aMonthly Review Press$3UONV248698$4650 801 $aIT$bSOL$c20240220$gRICA 899 $aSIBA - SISTEMA BIBLIOTECARIO DI ATENEO$2UONSI 912 $aUON00017910 950 $aSIBA - SISTEMA BIBLIOTECARIO DI ATENEO$dSI SI IV C BHA 045 $eSI SA 15281 5 045 996 $aInside India Today$91194698 997 $aUNIOR LEADER 01924nam 22005533a 450 001 9910976777003321 005 20250705110027.0 010 $a9780472127832 010 $a0472127837 010 $a9780472901791 010 $a0472901796 024 8 $ahttps://doi.org/10.3998/mpub.19000 035 $a(CKB)37386115500041 035 $a(ScCtBLL)0167141d-af88-47b5-a813-8cb7ceb9e9df 035 $a(ODN)ODN0009816006 035 $a(oapen)doab88474 035 $a(EXLCZ)9937386115500041 100 $a20250203i20202020 uu 101 0 $aeng 135 $aur||||||||||| 181 $ctxt$2rdacontent 182 $cc$2rdamedia 183 $acr$2rdacarrier 200 00$aResearch Guide to People's Daily Editorials, 1949-1975$fMichel Oksenberg, Gail Henderson 210 $d2020 210 1$a[s.l.] :$cUniversity of Michigan Press,$d2020. 215 $a1 online resource 311 08$a9780892649495 311 08$a0892649496 330 $aAn indispensable aid to researching a crucial series of policy statements, the present guide provides access to the only continuous source from China which illuminates high-level policy. Includes an extensive subject index. 606 $aSocial Science / Cultural & Ethnic Studies / General$2bisacsh 606 $aReference$2bisacsh 606 $aSocial Science$2bisacsh 606 $aSocial sciences 608 $aReference works$2lcgft 615 7$aSocial Science / Cultural & Ethnic Studies / General 615 7$aReference 615 7$aSocial Science 615 0$aSocial sciences. 686 $aREF000000$aSOC000000$aSOC008000$2bisacsh 700 $aOksenberg$b Michel$0678399 702 $aOksenberg$b Michel$f1938-2001, 702 $aHenderson$b Gail 801 0$bScCtBLL 801 1$bScCtBLL 906 $aBOOK 912 $a9910976777003321 996 $aResearch Guide to People's Daily Editorials, 1949-1975$93086901 997 $aUNINA